Sustainable crop production under stress environments (Record no. 41873)

MARC details
000 -LEADER
fixed length control field 00365nam a2200133Ia 4500
020 ## - INTERNATIONAL STANDARD BOOK NUMBER
ISBN 8185680590
082 ## - DEWEY DECIMAL CLASSIFICATION NUMBER
Classification number 633
Item number MAL
100 ## - MAIN ENTRY--AUTHOR NAME
Personal name Maloo, S R
245 #0 - TITLE STATEMENT
Title Sustainable crop production under stress environments
260 ## - PUBLICATION, DISTRIBUTION, ETC. (IMPRINT)
Place of publication Udaipur
Name of publisher Agrotech Publishiing Academy
Year of publication 2002
650 ## - SUBJECT ADDED ENTRY--TOPICAL TERM
Topical Term Agroforestry
942 ## - ADDED ENTRY ELEMENTS (KOHA)
Koha item type Books
Holdings
Withdrawn status Lost status Damaged status Not for loan Home library Current library Date acquired Cost, normal purchase price Full call number Accession Number Koha item type
        RRII Library RRII Library 16/12/2021 1100.00 633 MAL 22156 Books